Gaming Quiz

Random Gaming or Pokémon Quiz

Pryce's Pokemon Quiz Stats

 Plays Quiz not verified by Sporcle

Score 0/17 Timer 02:00
0 Plays Today
% Correct
Dewgong
97%
Dewgong
97%
Dewgong
97%
Dewgong
97%
Piloswine
93.2%
Piloswine
93.2%
Piloswine
93.2%
Seel
92.5%
Seel
92.5%
% Correct
Seel
92.5%
Lapras
86.5%
Mamoswine
85.7%
Glalie
78.9%
Froslass
76.7%
Abomasnow
69.9%
Walrein
63.9%
Shellder
50.4%

You're not logged in!

Compare scores with friends on all Sporcle quizzes.
OR
Log In

Show Comments

Extras

Created Nov 5, 2010ReportNominate
Tags:Pokémon Quiz

Top Quizzes Today


Score Distribution

Your Account Isn't Verified!

In order to create a playlist on Sporcle, you need to verify the email address you used during registration. Go to your Sporcle Settings to finish the process.

Report this User

Report this user for behavior that violates our Community Guidelines.

Details: